000 00370nam a2200157Ia 4500
008 230711s9999||||xx |||||||||||||| ||und||
041 _aENG
082 _a624
_bHS-E
100 _aHsieh,YY
245 0 _aElementary steel structures
250 _a1st Ed.
260 _c1973
_aNew Delhi
_bReston Publication
300 _a179
650 _aCivil Engineering
942 _cBK
999 _c1962
_d1962